LEADER 01344nam a2200325 a 4500 001 000000145202 003 CaOOAMICUS 005 20150723115350.0 008 150723s1990 it u000 u ita r 020 $z883992003X* 040 $aPUL$bita 041 1 $aita$hger 100 1 $aLohfink, Gerhard,$d1934-$0(OLS)http://pul/name/25240 240 10$aWem gilt die Bergpredigt?$lItaliano.$0(OLS)http://pul/title/183627 245 10$aPer chi vale il discorso della montagna? :$bContributi per un'etica cristiana /$cGerhard Lohfink. 260 $aBrescia :$bQueriniana,$c©1990. 300 $a229 p. ;$c23 cm 490 1 $aBiblioteca biblica ;$v03 500 $aInclude indici. 504 $aBibliografia in nota. 650 4$aEtica cristiana.$0(OLS)http://pul/subject/1395 830 0$aBiblioteca biblica ;$v03.$0(OLS)http://pul/title/39465 850 $aPUL 852 $aPUL$W1$xDP1 Fondo S. Lanza$y121$m3 L 15$j167872$qFondi$B168431$CPULBib$Z2$F168431 $HLan920 $82 941 1 $a1 961 $aNota ms. di possesso: Sergio Lanza 996 $6020$z883992003X*$9(OLS)http://pul/number/158375 996 $6245$aPer chi vale il discorso della montagna? :$bContributi per un'etica cristiana$9(OLS)http://pul/title/183628 996 $6260$aBrescia :$bQueriniana$9(OLS)http://pul/publisher/47906 LEADER 01472nam a2200313 u 4500 001 000000105644 003 CaOOAMICUS 005 20070614095146.0 008 070614s2006 it u000 u ita u 020 $a88-14-13201-1 040 $aPUL$bita$dLDB 100 1 $aCaringella, Francesco.$0(OLS)http://pul/name/50309 240 10$aCodice civile.$0(OLS)http://pul/title/25826 245 10$aCodice civile :$bannotato con la giurisprudenza ammesso alle prove scritte dell'esame di avvocato /$cFrancesco Caringella, Francesca Della Valle, Sandra Della Valle. 250 $a2. ed. 260 $aMilano :$bGiuffrè,$c2006. 300 $a3919 p. ;$c26 cm +$ecd-rom 490 1 $aPercorsi Giuffrè 500 $aContiene indice analitico. 650 4$aDiritto civile$zItalia.$0(OLS)http://pul/subject/3770 700 1 $aDella Valle, Sandra.$0(OLS)http://pul/name/64871 700 1 $aDella Valle, Francesca.$0(OLS)http://pul/name/64872 830 0$aPercorsi (Giuffrè).$0(OLS)http://pul/title/132978 850 $aPUL 852 $aPUL$W1$xDP2 Diritto e Scienze Sociali 3$y110$m346. 45 CODCIV 4$j118391$qDDC 21$B118293$CPULBib$Z2$F118293 $H104193 $82 941 1 $a9 996 $6020$a88-14-13201-1$9(OLS)http://pul/number/134833 996 $6245$aCodice civile :$bannotato con la giurisprudenza ammesso alle prove scritte dell'esame di avvocato$9(OLS)http://pul/title/132977 996 $6260$aMilano :$bGiuffrè$9(OLS)http://pul/publisher/48401